[Event "Morava-ch U13"]
[Site "Zlin"]
[Date "1999.??.??"]
[Round "7"]
[White "Slavicek, Martin"]
[Black "Rubal, Adam"]
[Result "0-1"]
[WhiteElo "1805"]
[BlackElo "1610"]

1.e4 c5 2.Nf3 d6 3.d4 cxd4 4.Nxd4 Nf6 5.Nc3 a6 6.Be3 e6 7.Qd2 Be7 8.f3 Qc7
9.Be2 Nbd7 10.O-O O-O 11.Rfd1 b6 12.a4 Bb7 13.a5 b5 14.Ncxb5 axb5 15.Nxb5 Qc8
16.Nd4 d5 17.e5 Nxe5 18.b4 Nc4 19.Bxc4 Qxc4 20.c3 Ba6 21.Qb2 Bb5 22.Rdc1 Rfc8
23.Qa3 Nd7 24.Nxb5 Qxb5 25.a6 Nb6 26.Bxb6 Qxb6+ 27.Kh1 Rc6 28.Rcb1 Rxa6 29.Qxa6 Qxa6
30.Rxa6 Rxa6 31.b5 Rb6 32.Ra1 Rxb5 33.h4 g6  0-1

[Event "Goodricke Open"]
[Site "Calcutta IND"]
[Date "2000.02.06"]
[Round "1"]
[White "Iordachescu,V"]
[Black "Roeder,M"]
[Result "1-0"]
[WhiteElo "2560"]
[BlackElo "2413"]

1.e4 c5 2.Nf3 d6 3.d4 cxd4 4.Nxd4 Nf6 5.Nc3 a6 6.Be3 e5 7.Nb3 Be6 8.f4 exf4
9.Bxf4 Nc6 10.Qe2 Be7 11.h3 Nd7 12.O-O-O Nce5 13.Nd4 Rc8 14.Nd5 Bxd5 15.exd5 g6
16.Kb1 O-O 17.h4 Bf6 18.h5 Nc4 19.c3 Qb6 20.Ka1 Nde5 21.Bc1 Rfe8 22.hxg6 hxg6
23.Qf2 Qd8 24.Qg3 Bg7 25.Qh3 Rc5 26.Bxc4 Rxc4 27.Rdf1 Qc8 28.Qh7+ Kf8 29.Bg5 Ng4
30.Rxf7+  1-0

[Event "Goodricke Open"]
[Site "Calcutta IND"]
[Date "2000.02.06"]
[Round "1"]
[White "Bakre,T"]
[Black "Visweswaran,K"]
[Result "1/2-1/2"]
[WhiteElo "2352"]
[BlackElo "2286"]

1.e4 c5 2.Nf3 d6 3.d4 cxd4 4.Nxd4 Nf6 5.Nc3 a6 6.Be3 e5 7.Nf3 Qc7 8.a4 Be6
9.a5 h6 10.Be2 Be7 11.O-O Nbd7 12.Nd5 Nxd5 13.exd5 Bf5 14.c4 Rc8 15.b4 O-O
16.Qb3 Kh8 17.Rfc1 Bh7 18.Nd2 f5 19.f3 Qd8 20.Qa3 Nf6 21.Rd1 g5 22.Rac1 Rg8
23.c5 g4 24.Nc4 f4 25.cxd6 Bxd6 26.Nxd6 Qxd6 27.Rxc8 Rxc8 28.Bc5 Qd7 29.fxg4 Nxg4
30.Qh3 Rg8 31.Bf3 Rg5 32.Bxg4 Rxg4 33.Be7 Kg7 34.Re1 Qf5 35.Rf1 Bg8 36.Qf3 Kh7
37.h3 Rg7 38.d6 Bc4 39.Re1 Bd3 40.Rxe5 Qxe5 41.Qxd3+ Rg6 42.d7 Qe1+ 43.Kh2 f3
44.Qxg6+ Kxg6 45.d8=Q Qe5+ 46.Kg1 Qe3+ 47.Kh2 Qe5+  1/2-1/2

[Event "FSIMB February"]
[Site "Budapest HUN"]
[Date "2000.02.07"]
[Round "3"]
[White "Medvegy,N"]
[Black "Wong Zi Jing"]
[Result "1/2-1/2"]
[WhiteElo "2275"]
[BlackElo "2324"]

1.e4 c5 2.Nf3 d6 3.d4 cxd4 4.Nxd4 Nf6 5.Nc3 a6 6.Be3 Ng4 7.Bg5 h6 8.Bh4 g5
9.Bg3 Bg7 10.Be2 h5 11.Bxg4 Bxg4 12.f3 Bd7 13.Bf2 Nc6 14.Qd2 Ne5 15.b3 Rc8
16.Nd5 Bh6 17.Ne2 Be6 18.Be3 Bg7 19.O-O g4 20.f4 Nf3+ 21.gxf3 Bxa1 22.Rxa1 gxf3
23.Nd4 Bh3 24.Nxf3 Rg8+ 25.Ng5 f6 26.Kh1 fxg5 27.fxg5 Qd7 28.Nb6 Qg4 29.Nxc8 Qxe4+
30.Kg1 Qg4+ 31.Kh1 Qf3+ 32.Kg1 Qg4+ 33.Kh1 Qe4+ 34.Kg1 Qg4+ 35.Kh1 Qe4+ 36.Kg1  1/2-1/2

[Event "Goodricke Open"]
[Site "Calcutta IND"]
[Date "2000.02.07"]
[Round "2"]
[White "Saptarshi,R"]
[Black "Das,Dip"]
[Result "1-0"]
[WhiteElo "2107"]
[BlackElo "2292"]

1.e4 c5 2.Nf3 d6 3.d4 cxd4 4.Nxd4 Nf6 5.Nc3 a6 6.Be3 e5 7.Nb3 Be7 8.f3 O-O
9.Qd2 Be6 10.O-O-O b5 11.g4 Nbd7 12.g5 Nh5 13.Nd5 Bxd5 14.exd5 Qc7 15.Qa5 Bd8
16.Qb4 Qb8 17.Qg4  1-0

[Event "Goodricke Open"]
[Site "Calcutta IND"]
[Date "2000.02.08"]
[Round "3"]
[White "Bakre,T"]
[Black "Girinath,P"]
[Result "1-0"]
[WhiteElo "2352"]
[BlackElo "2298"]

1.e4 c5 2.Nf3 d6 3.d4 cxd4 4.Nxd4 Nf6 5.Nc3 a6 6.Be3 Ng4 7.Bg5 h6 8.Bh4 g5
9.Bg3 Bg7 10.Qd2 Nc6 11.Nb3 b5 12.f3 Nge5 13.Bf2 Na5 14.Nxa5 Qxa5 15.Nd5 Qxd2+
16.Kxd2 Rb8 17.c3 Nc6 18.h4 g4 19.fxg4 Be5 20.Be3 e6 21.Nb6 Bb7 22.Bd3 Ke7
23.b4 Rbg8 24.g5 hxg5 25.hxg5 Rxh1 26.Rxh1 Rh8 27.Rh6 Nb8 28.c4 Bc6 29.Rxh8 Bxh8
30.cxb5 Bxb5 31.Bf4 Nc6 32.Nc8+ Kd7 33.Bxb5 axb5 34.Nxd6 Nxb4 35.Nxf7 Bb2
36.Be5 Ke7 37.Bd6+ Kxf7 38.Bxb4 Kg6 39.Be7 Kf7 40.Bf6 Ba3 41.Kd3 Bc5 42.Bd4 Be7
43.Be3 e5 44.Kc3 Kg6 45.Kb3 Bxg5 46.Bc5 Bd2 47.Bb4 Be3 48.Bc3 Bd4 49.Bxd4 exd4
50.Kc2  1-0

[Event "Goodricke Open"]
[Site "Calcutta IND"]
[Date "2000.02.08"]
[Round "3"]
[White "Satyapragyan,S"]
[Black "Visweswaran,K"]
[Result "1-0"]
[WhiteElo "2333"]
[BlackElo "2286"]

1.e4 c5 2.Nf3 d6 3.d4 cxd4 4.Nxd4 Nf6 5.Nc3 a6 6.Be3 e5 7.Nb3 Be7 8.f3 O-O
9.g4 Be6 10.g5 Nfd7 11.Qd2 Nb6 12.O-O-O N8d7 13.Kb1 Rc8 14.h4 Nc4 15.Bxc4 Bxc4
16.h5 f5 17.exf5 Rxf5 18.f4 Nf8 19.Ne4 exf4 20.Bxf4 Ne6 21.Bxd6 Bxg5 22.Qg2 Qb6
23.Qg4 Rb5 24.Nc3 Qf2 25.Nxb5 Qxc2+ 26.Kxc2 Be2+ 27.Nc3 Bxg4 28.Rdf1 Rc6
29.Be5 b5 30.Kb1 b4 31.Nd5 Be2 32.Rf2 Bd3+ 33.Ka1 Be4 34.Rd1 a5 35.Nxa5 Rc5
36.Bf4 Bh4 37.Bg3 Bxd5 38.Bxh4 Rxa5 39.Be7 Rxa2+ 40.Kb1 Ra5 41.Bxb4 Rb5 42.Bc3 Be4+
43.Kc1 Rxh5 44.Rd6 Rh6 45.b4 g5 46.Kd2 Rg6 47.Ke3 Bh1 48.b5 g4 49.Rb6 Bf3
50.Ra2 Nc7 51.Rb8+ Kf7 52.Ra7 Re6+ 53.Kf2 Re7 54.Bb4  1-0

[Event "Petroff Mem Open"]
[Site "St Petersburg RUS"]
[Date "2000.02.09"]
[Round "3"]
[White "Rodin,D"]
[Black "Vorobiov,E"]
[Result "1/2-1/2"]
[WhiteElo "2343"]
[BlackElo "2500"]

1.e4 c5 2.Nf3 d6 3.d4 cxd4 4.Nxd4 Nf6 5.Nc3 a6 6.Be3 e6 7.f4 b5 8.Qf3 Bb7
9.Bd3 Nbd7 10.g4 b4 11.Nce2 e5 12.Nb3 d5 13.Ng3 Be7 14.O-O-O O-O 15.g5 dxe4
16.Nxe4 Nxe4 17.Bxe4 Bxe4 18.Qxe4 exf4 19.Qxf4 Qc8 20.Rhf1 Nc5 21.Bxc5 Bxc5
22.Rd5 Bb6 23.Qxb4 Qh3 24.Rdf5 Be3+ 25.Kb1 Bxg5 26.Qc4 Bf6 27.Qf4 Qh4 28.Qf3 Rad8
29.Rf4 Qh6 30.Nc5 Bd4 31.Nb3 Bf6 32.a3 Rc8 33.h3 Rc7 34.Rf2 Be5 35.Rf5 Re7
36.Rh5 Qd6 37.Rd2 Qc7 38.Rh4 g6 39.Ra4 Re6 40.Rd5 Bg7 41.Qd3 Qh2 42.Ka2 h5
43.Rc4 Qf2 44.Re4 Rfe8 45.Rxe6 Rxe6 46.Nc5 Re3 47.Qc4 Re2 48.Ne4 Rxc2 49.Rd8+ Kh7
50.Qxc2 Qxc2 51.Ng5+  1/2-1/2

[Event "Petroff Mem Open"]
[Site "St Petersburg RUS"]
[Date "2000.02.09"]
[Round "3"]
[White "Manakov,I"]
[Black "Prosunchikov,G"]
[Result "1-0"]
[WhiteElo "2279"]
[BlackElo "2088"]

1.e4 c5 2.Nf3 d6 3.d4 Nf6 4.Nc3 cxd4 5.Nxd4 a6 6.Be3 e5 7.Nb3 Be6 8.Qd2 Be7
9.f3 b5 10.O-O-O h5 11.Kb1 Nbd7 12.Qf2 Rb8 13.h3 h4 14.Bd3 Nb6 15.f4 Qc7
16.Bc1 Na4 17.Ne2 Nd7 18.g3 Ndb6 19.gxh4 Bxh4 20.Qf3 Nc4 21.Ng3 exf4 22.Nh5 g5
23.Nd4 Ne5 24.Ng7+ Kd7 25.Qe2 Qb6 26.Ka1 Nc5 27.b3 Ncxd3 28.Rxd3 Rh7 29.Ngf5 Nxd3
30.Qxd3 Qc5 31.Rd1 Rb6 32.Bb2 a5 33.e5 d5 34.Nd6 Rh8 35.Nxe6 fxe6 36.Qg6 Rbb8
37.Qf7+ Kc6 38.Qxe6 Kc7 39.Qe7+ Kb6 40.Bd4 Qxd4+ 41.Rxd4 Be1 42.Rxd5 Bc3+
43.Kb1 Rxh3 44.Nc4+ bxc4 45.Qc5+  1-0

[Event "FSGM February"]
[Site "Budapest HUN"]
[Date "2000.02.10"]
[Round "6"]
[White "Nguyen Anh Dung"]
[Black "Szabo,Zso2"]
[Result "1/2-1/2"]
[WhiteElo "2496"]
[BlackElo "2429"]

1.e4 c5 2.Nf3 d6 3.d4 cxd4 4.Nxd4 Nf6 5.Nc3 a6 6.Be3 e5 7.Nb3 Be6 8.f3 Nbd7
9.Qd2 b5 10.g4 Nb6 11.g5 Nfd7 12.Nd5 Rc8 13.Na5 Nxd5 14.exd5 Bxd5 15.Qxd5 Qxa5+
16.c3 Be7 17.Bh3 Qc7 18.a4 Rb8 19.Bxd7+ Qxd7 20.axb5 Rxb5 21.Qa8+ Bd8 22.O-O-O a5
23.Qa6 Bc7 24.f4 O-O 25.fxe5 Rxe5 26.Bf4 Re6 27.Rhe1 Qa4 28.Bg3 Rb8 29.Qd3 Qb3
30.Qc2 Qb5 31.h4 Qb6 32.Rxe6 fxe6 33.Qe2 e5 34.Rf1 d5 35.Bf2 Qb3 36.Bc5 Qc4
37.Qxc4 dxc4 38.h5 Bb6 39.Bxb6 Rxb6 40.Re1 Rb5 41.g6 Rd5 42.Re4 Rc5 43.Re2 Rd5
44.Re4 Rc5  1/2-1/2

[Event "Goodricke Open"]
[Site "Calcutta IND"]
[Date "2000.02.10"]
[Round "5"]
[White "Das,Dip"]
[Black "Tiwari,Ar"]
[Result "1-0"]
[WhiteElo "2292"]
[BlackElo "2318"]

1.e4 c5 2.Nf3 d6 3.d4 cxd4 4.Nxd4 Nf6 5.Nc3 a6 6.Be3 Ng4 7.Bg5 h6 8.Bh4 g5
9.Bg3 Bg7 10.h3 Ne5 11.f3 b6 12.Bf2 Bb7 13.Nf5 Bf8 14.Qd2 e6 15.Ne3 Nbd7
16.h4 Qf6 17.hxg5 hxg5 18.Rxh8 Qxh8 19.Nc4 Nxc4 20.Bxc4 Rc8 21.Be2 b5 22.O-O-O Nc5
23.Bd4 Qh6 24.a3 e5 25.Be3 Be7 26.Kb1 Nd7 27.Nd5 Bd8 28.Bf2 Nf6 29.Ne3 Be7
30.Nf5 Qf8 31.Nxe7 Qxe7 32.Qxg5 Kd7 33.Qe3 Rc7 34.Bh4 Rc8 35.Qh6 Ng8 36.Bxe7 Nxh6
37.Rxd6+ Kxe7 38.Rxh6 Rg8 39.g4 Rg6 40.Rxg6 fxg6 41.g5 Kd6 42.c4 Kc5 43.b4+ Kd4
44.cxb5 axb5 45.Bxb5 Ke3 46.Be8 Kxf3 47.Bxg6 Kf4 48.a4 Kxg5 49.Bf5 Bc6 50.b5 Be8
51.Kc2 Kf6 52.Kc3 Ke7 53.Kb4 Kd6 54.a5 Kc7 55.Kc5 Kb7 56.a6+ Ka7 57.b6+ Kb8
58.Be6 Bg6 59.a7+  1-0

[Event "Petroff Mem Open"]
[Site "St Petersburg RUS"]
[Date "2000.02.10"]
[Round "4"]
[White "Selin,O"]
[Black "Rogovoi,M"]
[Result "1-0"]
[WhiteElo "2327"]
[BlackElo "2237"]

1.e4 c5 2.Nf3 d6 3.d4 cxd4 4.Nxd4 Nf6 5.Nc3 a6 6.Be3 e6 7.f3 b5 8.Qd2 Bb7
9.O-O-O Nbd7 10.g4 h6 11.h4 b4 12.Na4 Qa5 13.b3 Nc5 14.a3 Nxa4 15.axb4 Qc7
16.bxa4 d5 17.e5 Nd7 18.f4 Nb6 19.f5 Nxa4 20.fxe6 Nc3 21.exf7+ Kxf7 22.Bd3 Bxb4
23.Rdf1+ Kg8 24.Qf2 Re8 25.e6 Rf8 26.Qf7+ Rxf7 27.exf7+ Qxf7 28.Rxf7 Kxf7
29.Rf1+ Ke7 30.Nf5+ Kd8 31.Nxg7 Ba3+ 32.Kd2 Ne4+ 33.Bxe4 dxe4 34.Rf7 Kc8
35.Nf5 Rd8+ 36.Ke2 Bd5 37.Rh7 Bc4+ 38.Kf2 Rd1 39.Rxh6 Kb7 40.Ng3 a5 41.Nxe4 Rf1+
42.Kg2 Re1 43.Nc5+ Bxc5 44.Bxc5 Re2+ 45.Kg3 Rxc2 46.h5 a4 47.Rf6 Rc3+ 48.Kh4 a3
49.Bd4 Rd3 50.Rf4 a2 51.Bg7 Bb5 52.Rf2 Ra3 53.Ba1 Kc6 54.h6 Ra7 55.g5 Bd3
56.g6 Ra4+ 57.Kg5 Ra5+ 58.Kf6 Rh5 59.h7 Rh6 60.Ke7  1-0

[Event "Open"]
[Site "Bunratty IRL"]
[Date "2000.02.11"]
[Round "1"]
[White "Delaney,P"]
[Black "Hurley,J"]
[Result "1-0"]
[WhiteElo "2305"]
[BlackElo "2095"]

1.e4 c5 2.Nf3 d6 3.d4 cxd4 4.Nxd4 Nf6 5.Nc3 a6 6.Be3 Qc7 7.f3 e5 8.Nb3 Be6
9.Qd2 Be7 10.O-O-O Nc6 11.Nd5 Bxd5 12.exd5 Nd8 13.g4 Rc8 14.Kb1 O-O 15.g5 Nd7
16.Rg1 b5 17.f4 exf4 18.Bxf4 Nb7 19.Nd4 Ne5 20.h4 Rfe8 21.Bh3 Ra8 22.h5 g6
23.Qh2 Bf8 24.hxg6 hxg6 25.Rh1 Bg7 26.Rdf1 Nc5 27.Be6 fxe6 28.Qh7+  1-0

[Event "FSIMB February"]
[Site "Budapest HUN"]
[Date "2000.02.13"]
[Round "9"]
[White "Medvegy,N"]
[Black "Vajda,S"]
[Result "1/2-1/2"]
[WhiteElo "2275"]
[BlackElo "2382"]

1.e4 c5 2.Nf3 d6 3.d4 Nf6 4.Nc3 cxd4 5.Nxd4 a6 6.Be3 e5 7.Nf3 Qc7 8.a4 Be6
9.Ng5 Bc4 10.Bxc4 Qxc4 11.a5 Nbd7 12.Ra4 Qc6 13.O-O Be7 14.Qe2 Rc8 15.Rd1 O-O
16.Nf3 Rfe8 17.Bg5 h6 18.Bxf6 Nxf6 19.Ne1 Bf8 20.Raa1 Qc4 21.Qe3 Qb4 22.Nd3 Qd4
23.Qe1 Rxc3 24.bxc3 Qxe4 25.Qxe4 Nxe4 26.Rdb1 Re7 27.Rb3 Nd2 28.Rb4 Rc7 29.Rb2  1/2-1/2

[Event "FSIMB February"]
[Site "Budapest HUN"]
[Date "2000.02.14"]
[Round "10"]
[White "Medvegy,N"]
[Black "Seres,L"]
[Result "1/2-1/2"]
[WhiteElo "2275"]
[BlackElo "2394"]

1.e4 c5 2.Nf3 d6 3.d4 cxd4 4.Nxd4 Nf6 5.Nc3 a6 6.Be3 e6 7.g4 b5 8.g5 Nfd7
9.Bg2 Bb7 10.f4 Nb6 11.Qe2 N8d7 12.O-O-O Be7 13.h4 Nc4 14.Rhf1 Qc7 15.h5 g6
16.hxg6 hxg6 17.Rh1 Rf8 18.f5 Nxe3 19.Qxe3 gxf5 20.g6 Qb6 21.gxf7+ Rxf7 22.Qh3 fxe4
23.Qxe6 Nf8 24.Rh8 Rf6 25.Qg4 d5 26.Qh5+ Rg6 27.Bh3 Qf6 28.Ne6 Kf7 29.Rf1 Qxf1+
30.Bxf1 Nxe6 31.Rh7+ Ng7 32.Nxd5 Bg5+ 33.Kb1 Bxd5 34.Bh3 Kf6 35.Qe2 Rd8 36.Qf2+ Ke7
37.Qc5+  1/2-1/2

[Event "FSGM February"]
[Site "Budapest HUN"]
[Date "2000.02.15"]
[Round "11"]
[White "Szabo,Zso2"]
[Black "Horvath,Cs"]
[Result "1/2-1/2"]
[WhiteElo "2429"]
[BlackElo "2519"]

1.e4 c5 2.Nf3 d6 3.d4 cxd4 4.Nxd4 Nf6 5.Nc3 a6 6.Be3 Ng4 7.Bc1 Nf6 8.Bg5 e6
9.f4 Qb6 10.Qd2 Qxb2 11.Rb1 Qa3 12.f5 Nc6 13.fxe6 fxe6 14.Nxc6 bxc6 15.Be2 Be7
16.O-O O-O 17.Rb3 Qc5+ 18.Be3 Qe5 19.Bf4 Qc5+ 20.Be3 Qe5 21.Bf4  1/2-1/2

[Event "ch-NED (qualifier KO)"]
[Site "Rotterdam NED"]
[Date "2000.02.15"]
[Round "3.2"]
[White "Nijboer,F"]
[Black "Janssen,R"]
[Result "1-0"]
[WhiteElo "2540"]
[BlackElo "2414"]

1.e4 c5 2.Nf3 d6 3.d4 cxd4 4.Nxd4 Nf6 5.Nc3 a6 6.Be3 e6 7.f3 b5 8.g4 h6 9.Qd2 Nbd7
10.O-O-O Bb7 11.h4 b4 12.Na4 Qa5 13.b3 Be7 14.Kb1 Nc5 15.Nxc5 dxc5 16.Ne2 Qc7
17.Bg2 Nd7 18.g5 hxg5 19.hxg5 Rxh1 20.Rxh1 O-O-O 21.Qe1 a5 22.Rh7 Ba6 23.Rxg7 Qh2
24.Rxf7 Qxg2 25.Nf4 Qxf3 26.Rxe7 Ne5 27.Bd2 c4 28.Nxe6 Rh8 29.Nd4 Qg2 30.Bc1 c3
31.Qe3 Rh1 32.Ne2 Nd7 33.Qa7 Bb7 34.Re8+ Kc7 35.Qxa5+ Kd6 36.Qxb4+ Nc5 37.Qb6+ Kd7
38.Rd8+ Ke7 39.Qd6+  1-0

[Event "Goodricke Open"]
[Site "Calcutta IND"]
[Date "2000.02.16"]
[Round "11"]
[White "Aarthie,R"]
[Black "Saravanan,V"]
[Result "0-1"]
[WhiteElo "2219"]
[BlackElo "2412"]

1.e4 c5 2.Nf3 d6 3.d4 cxd4 4.Nxd4 Nf6 5.Nc3 a6 6.Be3 e6 7.f3 b5 8.Qd2 Nbd7
9.g4 Nb6 10.Qf2 Nfd7 11.a4 bxa4 12.Nxa4 Nxa4 13.Rxa4 Bb7 14.Be2 Be7 15.O-O h5
16.gxh5 Rxh5 17.Rfa1 d5 18.f4 Rh3 19.Bf1 Rh8 20.Bxa6 Bxa6 21.Rxa6 Rxa6 22.Rxa6 Nc5
23.Ra7 Nxe4 24.Qe2 Bc5 25.Qb5+ Kf8 26.Nxe6+ fxe6 27.Bxc5+ Nxc5 28.Qxc5+ Kg8
29.Qe7 Qxe7 30.Rxe7 Rh6 31.Kg2 Rg6+ 32.Kf3 Rh6 33.Ke3 Rxh2 34.Kd3 Rh3+ 35.Kd4 Rh2
36.Rc7 Re2 37.b3 Re4+ 38.Kc5 Rxf4 39.Kd6 Re4 40.Re7 g5 41.b4 Rxb4 42.Re8+ Kf7
43.Re7+  0-1

[Event "Masters KO"]
[Site "Cannes FRA"]
[Date "2000.02.19"]
[Round "1.2"]
[White "Santo Roman,M"]
[Black "Miralles,G"]
[Result "1-0"]
[WhiteElo "2430"]
[BlackElo "2490"]

1.e4 c5 2.Nf3 d6 3.d4 cxd4 4.Nxd4 Nf6 5.Nc3 a6 6.Be3 Ng4 7.Bg5 h6 8.Bh4 g5
9.Bg3 Bg7 10.Be2 h5 11.h4 gxh4 12.Bxh4 Nc6 13.Nb3 Be6 14.Qd2 Qb6 15.Nd5 Bxd5
16.exd5 Nce5 17.Qa5 Qxa5+ 18.Nxa5 Ng6 19.c3 Nf4 20.Bg5 Nxd5 21.Bf3 Nc7 22.Bxb7 Rb8
23.f3 Ne5 24.O-O-O Kf8 25.Rh4 Ne6 26.Be3 Bf6 27.Rb4 Rg8 28.f4 Nd7 29.Nc6 Re8
30.Nd4 Nec5 31.Bc6 Rc8 32.Bf3 h4 33.Kb1 Kg7 34.Nf5+ Kg6 35.Nd4 e5 36.Nb3 Kf5
37.Rxd6 e4 38.Nxc5 Nxc5 39.Bh5  1-0

[Event "ch-YUG (women) qualifier"]
[Site "Kragujevac YUG"]
[Date "2000.02.20"]
[Round "2"]
[White "Stankovic,M"]
[Black "Zarkovic,D"]
[Result "1-0"]
[WhiteElo "2207"]
[BlackElo "2081"]

1.e4 c5 2.Nf3 d6 3.d4 cxd4 4.Nxd4 Nf6 5.Nc3 a6 6.Be3 e5 7.Nb3 Be6 8.f3 Nbd7
9.g4 Nb6 10.Qd2 Be7 11.O-O-O Nfd7 12.Nd5 Bxd5 13.exd5 Nf6 14.Qa5 Nfd7 15.Kb1 Rc8
16.Qd2 Qc7 17.g5 Nc4 18.Bxc4 Qxc4 19.Rhg1 Bd8 20.Rg4 Qc7 21.c4 b6 22.Rdg1 f5
23.gxf6 Bxf6 24.h4 Kf7 25.Qg2 Rhg8 26.Bh6 e4 27.Bxg7 Ne5 28.f4 Ng6  1-0

[Event "16th open"]
[Site "Cappelle La Grande FRA"]
[Date "2000.02.21"]
[Round "3"]
[White "Dworakowska,J"]
[Black "Zagrebelny,S"]
[Result "0-1"]
[WhiteElo "2328"]
[BlackElo "2534"]

1.e4 c5 2.Nf3 d6 3.d4 cxd4 4.Nxd4 Nf6 5.Nc3 a6 6.Be3 e5 7.Nb3 Be6 8.f4 exf4
9.Bxf4 Nc6 10.Qe2 Be7 11.h3 h5 12.g3 Rc8 13.O-O-O Qc7 14.Kb1 Ne5 15.Bg2 g6
16.Qf2 Kf8 17.Bg5 Kg7 18.Rhf1 Nh7 19.Bxe7 Qxe7 20.Nd5 Bxd5 21.exd5 Rhe8 22.Nd4 Nc4
23.Rd3 Rc7 24.Rf3 Ng5 25.Rc3 Nh7 26.Rf3 Ne5 27.Rf4 Kg8 28.g4 hxg4 29.hxg4 Qg5
30.Qg3 Nc4 31.Rh1 Rce7 32.b3 Re3 33.Qf2 Re1+ 34.Rxe1 Rxe1+ 35.Qxe1 Qxf4 36.Qe8+ Nf8
37.Ne2 Nd2+ 38.Kb2 Qxg4 39.Bh1 Qh3 40.Kc1 Nxb3+ 41.axb3 Qxh1+ 42.Kb2 Qh5  0-1

[Event "16th open"]
[Site "Cappelle La Grande FRA"]
[Date "2000.02.22"]
[Round "5"]
[White "Landa,K"]
[Black "Sammalvuo,T"]
[Result "1-0"]
[WhiteElo "2598"]
[BlackElo "2383"]

1.e4 c5 2.Nf3 d6 3.d4 cxd4 4.Nxd4 Nf6 5.Nc3 a6 6.Be3 e5 7.Nf3 Be7 8.Bc4 O-O
9.O-O Be6 10.Qe2 Nc6 11.Rfd1 Rc8 12.Bb3 Qe8 13.Bg5 Bg4 14.Qe3 Nd4 15.Nxd4 Bxd1
16.Nf5 Bg4 17.Bxf6 Bxf6 18.Nxd6 Qd7 19.Nxc8 Rxc8 20.Nd5 Bd8 21.Qg3 Be6 22.Rd1 Bxd5
23.Rxd5 Qc7 24.Qg4 Bf6 25.Rd7 Qa5 26.c3 Rc7 27.Bxf7+ Kf8 28.Qe6  1-0

[Event "16th open"]
[Site "Cappelle La Grande FRA"]
[Date "2000.02.23"]
[Round "6"]
[White "Lanka,Z"]
[Black "Abergel,T"]
[Result "1-0"]
[WhiteElo "2503"]
[BlackElo "2278"]

1.e4 c5 2.Nf3 d6 3.d4 cxd4 4.Nxd4 Nf6 5.Nc3 a6 6.Be3 Ng4 7.Bc1 Nf6 8.Be2 e6
9.Be3 Be7 10.f4 Qc7 11.g4 Nfd7 12.g5 Nc6 13.O-O g6 14.Bg4 Nxd4 15.Bxd4 O-O
16.a4 b6 17.f5 Ne5 18.f6 Bd8 19.Be2 h6 20.Qe1 hxg5 21.Qg3 Nc6 22.Be3 d5 23.Qxg5 d4
24.Bf4 Qd7 25.e5 dxc3 26.Qh6 Bxf6 27.exf6 Qd4+ 28.Be3  1-0

[Event "ch-Serbia"]
[Site "Kragujevac YUG"]
[Date "2000.02.23"]
[Round "5"]
[White "Kovacevic,A"]
[Black "Tadic,B"]
[Result "1/2-1/2"]
[WhiteElo "2462"]
[BlackElo "2406"]

1.e4 c5 2.Nf3 d6 3.d4 cxd4 4.Nxd4 Nf6 5.Nc3 a6 6.Be3 e5 7.Nb3 Be6 8.f3 h5
9.Qd2 Nbd7 10.a4 Nb6 11.Qf2 Nc4 12.Bxc4 Bxc4 13.Nd2 Be6 14.O-O Rc8 15.Rfd1 Qc7
16.Nf1 Be7 17.a5 Qc6 18.Ba7 d5 19.exd5 Nxd5 20.Nxd5 Bxd5 21.Ne3 Be6 22.c4 Bc5
23.Bxc5 Qxc5 24.b3 O-O 25.Nd5 Bxd5 26.Rxd5 Qb4 27.Qb6 Qe7 28.Qd6 Qxd6 29.Rxd6 Rfd8
30.Rad1 Rxd6 31.Rxd6 Rc7 32.Rd8+ Kh7 33.Rd5 f6 34.f4 exf4 35.Rxh5+ Kg6 36.Rd5 Re7
37.Rd6 Kf5 38.Kf2 g5 39.h3 Ke5 40.Rd1  1/2-1/2

[Event "Masters"]
[Site "Monaco MNC"]
[Date "2000.02.23"]
[Round "4"]
[White "Bussachini,M"]
[Black "Olivier,JC"]
[Result "0-1"]
[WhiteElo "2084"]
[BlackElo "2356"]

1.e4 c5 2.Nf3 d6 3.d4 cxd4 4.Nxd4 Nf6 5.Nc3 a6 6.Be3 e5 7.Nb3 Be6 8.Qd2 Be7
9.O-O-O Nbd7 10.f3 O-O 11.g4 b5 12.Kb1 Nb6 13.h4 b4 14.Qf2 bxc3 15.Bxb6 Qb8
16.Ba5 cxb2 17.g5 Nh5 18.Qb6 Qxb6 19.Bxb6 Ng3 20.Rg1 Nxf1 21.Rgxf1 a5 22.a4 Rfc8
23.Kxb2 Rc6 24.Be3 Rc4 25.Ra1 d5 26.Bb6 dxe4 27.Bxa5 exf3 28.Rxf3 Rxh4 29.Rg3 Bxb3
30.Rxb3 Rxa5 31.Rb8+ Bf8 32.Ra3 Rhxa4  0-1

[Event "16th open"]
[Site "Cappelle La Grande FRA"]
[Date "2000.02.25"]
[Round "8"]
[White "Luther,T"]
[Black "Bouaziz,S"]
[Result "1-0"]
[WhiteElo "2509"]
[BlackElo "2371"]

1.e4 c5 2.Nf3 d6 3.d4 cxd4 4.Nxd4 Nf6 5.Nc3 a6 6.Be3 Ng4 7.Bg5 h6 8.Bh4 g5
9.Bg3 Bg7 10.h3 Ne5 11.Nf5 Bxf5 12.exf5 Nbd7 13.Nd5 Rc8 14.c3 Nf6 15.Be2 Nxd5
16.Qxd5 Qd7 17.O-O Rc5 18.Qe4 Qc6 19.Qc2 Bf6 20.Rac1 Nd7 21.a3 Be5 22.b4 Rxc3
23.Qd2 Bf6 24.Bf3 Qc7 25.Rxc3 Bxc3 26.Rc1 Bxd2 27.Rxc7 Kd8 28.Rc2  1-0

[Event "Masters"]
[Site "Monaco MNC"]
[Date "2000.02.25"]
[Round "7"]
[White "Bussachini,M"]
[Black "Guidarelli,L"]
[Result "0-1"]
[WhiteElo "2084"]
[BlackElo "2359"]

1.e4 c5 2.Nf3 d6 3.d4 cxd4 4.Nxd4 Nf6 5.Nc3 a6 6.Be3 e5 7.Nf3 Be7 8.h3 O-O
9.Bc4 Be6 10.Bb3 h6 11.Qd2 b5 12.Bd5 Bxd5 13.Nxd5 Nxd5 14.Qxd5 Nd7 15.c3 Qc7
16.O-O Nf6 17.Qd3 d5 18.Nd2 Rad8 19.exd5 Nxd5 20.Qe2 Nxe3 21.Qxe3 Bg5  0-1

[Event "Estonian Club Cup 1st leg"]
[Site "Tallinn EST"]
[Date "2000.02.25"]
[Round "?"]
[White "Kangur,Alv"]
[Black "Lelumees,B"]
[Result "1-0"]
[WhiteElo "2254"]
[BlackElo "2175"]

1.e4 c5 2.Nf3 d6 3.d4 cxd4 4.Nxd4 Nf6 5.Nc3 a6 6.Be3 e5 7.Nf3 Qc7 8.a4 b6
9.Bg5 Nbd7 10.Bd3 Be7 11.Qe2 Bb7 12.O-O h6 13.Bxf6 Nxf6 14.Rfd1 O-O 15.Bc4 g6
16.Nd2 Rfc8 17.Bb3 Rd8 18.Nf1 Rac8 19.f3 d5 20.exd5 Bc5+ 21.Kh1 Bd4 22.Rd3 Nd7
23.Ne4 Bxb2 24.Rad1 Qb8 25.c3 Ba3 26.d6 Bxe4 27.Qxe4 Nc5 28.Qxg6+ Kh8 29.Bxf7  1-0

[Event "ch-Serbia"]
[Site "Kragujevac YUG"]
[Date "2000.02.26"]
[Round "8"]
[White "Pikula,D"]
[Black "Tadic,B"]
[Result "0-1"]
[WhiteElo "2476"]
[BlackElo "2406"]

1.e4 c5 2.Nf3 d6 3.d4 cxd4 4.Nxd4 Nf6 5.Nc3 a6 6.Be3 e5 7.Nb3 Be6 8.f3 h5
9.Qd2 Nbd7 10.a4 Nb6 11.a5 Nc4 12.Bxc4 Bxc4 13.Na4 Rb8 14.Nb6 Be6 15.O-O-O Qc7
16.Kb1 Nd7 17.f4 Nxb6 18.axb6 Qc4 19.f5 Bd7 20.Nc5 Bc6 21.b3 Qb5 22.Qc3 Be7
23.Qb2 Rc8 24.Nd3 Bxe4 25.c4 Qd7 26.Rhf1 Bxf5 27.Ka2 Bxd3 28.Rxd3 Qe6 29.Rd5 O-O
30.Rfd1 Rc6 31.g3 Qg6 32.Qf2 Ra8 33.Kb2 a5 34.Ra1 a4 35.Qe2 Qe4 36.Qd3 Qxd3
37.Rxd3 e4 38.Rd5 Bf6+ 39.Bd4 Bxd4+ 40.Rxd4 Rxb6 41.Rxe4 Rxb3+ 42.Kc2 b5
43.cxb5 Rxb5 44.Rexa4 Rxa4 45.Rxa4 Rd5 46.Kc3 g6 47.Ra2 Kg7 48.Rf2 f5 49.h3 Kf6
50.Rf1 Ra5 51.Kb4 Re5 52.Rf3 Re4+ 53.Kc3 Ke5 54.Kd3 d5 55.Rf1 d4 56.Rf3 Re1
57.Kd2 Rh1 58.h4 Rh2+ 59.Ke1 Ke4 60.Ra3 Rh3  0-1

[Event "Wah Seong IM"]
[Site "Penang MYA"]
[Date "2000.02.27"]
[Round "2"]
[White "Ng Tze Han2"]
[Black "Wong Zi Jing"]
[Result "1/2-1/2"]
[WhiteElo "2216"]
[BlackElo "2324"]

1.e4 c5 2.Nf3 d6 3.d4 cxd4 4.Nxd4 Nf6 5.Nc3 a6 6.Be3 Ng4 7.Bg5 h6 8.Bh4 g5
9.Bg3 Bg7 10.Be2 h5 11.Bxg4 hxg4 12.O-O Nc6 13.Nf5 Bxc3 14.bxc3 Qa5 15.Qxg4 f6
16.f4 Bxf5 17.exf5 gxf4 18.Rxf4 Qxc3 19.Rb1 b5 20.a4 Qxc2 21.Rff1 Qc4 22.Rf4 Qc2
23.Rff1 Qxa4 24.Qg7 Kd7 25.Rfd1 Rag8 26.Qf7 Rxg3 27.Qe6+ Kc7 28.hxg3 Qc4
29.Qxc4 bxc4 30.Rd5 Ra8 31.Kf2 Ne5 32.Ra5 Nd3+ 33.Ke3 Nc5 34.Rb4 Rg8 35.Kf3 Nd3
36.Rxc4+ Kb6 37.Rca4 Ne5+ 38.Kf2 Rg5 39.Rxa6+ Kb5 40.R6a5+ Kc6 41.Ra6+  1/2-1/2

[Event "Wah Seong IM"]
[Site "Penang MAS"]
[Date "2000.02.29"]
[Round "4"]
[White "Ng Tze Han2"]
[Black "Wynn Zaw Htun"]
[Result "1/2-1/2"]
[WhiteElo "2216"]
[BlackElo "2524"]

1.e4 c5 2.Nf3 d6 3.d4 cxd4 4.Nxd4 Nf6 5.Nc3 a6 6.Be3 e5 7.Nb3 Be6 8.f3 Be7
9.Qd2 O-O 10.O-O-O b5 11.g4 b4 12.Nd5 Bxd5 13.exd5 a5 14.Kb1 a4 15.Nc1 Qa5
16.g5 Nfd7 17.h4 Na6 18.h5 Nac5 19.g6 b3 20.gxh7+ Kh8 21.cxb3 axb3 22.Qxa5 Rxa5
23.Nxb3 Nxb3 24.axb3 Rb8 25.Bc4 Nf6 26.Bd2  1/2-1/2

[Event "Wah Seong IM"]
[Site "Penang MAS"]
[Date "2000.03.03"]
[Round "7"]
[White "Ng Tze Han2"]
[Black "Myo Naing"]
[Result "1-0"]
[WhiteElo "2216"]
[BlackElo "2545"]

1.e4 c5 2.Nf3 d6 3.d4 cxd4 4.Nxd4 Nf6 5.Nc3 a6 6.Be3 e5 7.Nb3 Be6 8.f3 Nbd7
9.g4 h6 10.Qd2 Rc8 11.O-O-O Nb6 12.Kb1 Nc4 13.Bxc4 Bxc4 14.h4 Nd7 15.g5 Be6
16.f4 hxg5 17.hxg5 Rxh1 18.Rxh1 exf4 19.Bxf4 Ne5 20.Qg2 Qc7 21.Nd5 Bxd5 22.exd5 Qc4
23.Qd2 Kd7 24.Na5 Qb5 25.a4 Qxa4 26.Bxe5 dxe5 27.Rf1 Ke8 28.d6 Bxd6 29.Nxb7 Bf8
30.Re1 Qd7 31.Rxe5+ Be7 32.Nd6+ Kf8 33.Qh2 Kg8 34.Nxc8  1-0

[Event "Sufe Cup"]
[Site "Shanghai CHN"]
[Date "2000.03.03"]
[Round "1"]
[White "Wang Pin"]
[Black "Zhang Zhong"]
[Result "0-1"]
[WhiteElo "2469"]
[BlackElo "2611"]

1.e4 c5 2.Nf3 d6 3.d4 cxd4 4.Nxd4 Nf6 5.Nc3 a6 6.Be3 e5 7.Nb3 Be6 8.f3 h5
9.Qd2 Nbd7 10.a4 Rc8 11.Be2 Be7 12.a5 g6 13.O-O Kf8 14.Nd5 Bxd5 15.exd5 h4
16.c4 Nh5 17.Rfd1 Kg7 18.Rac1 Bf6 19.Na1 Nf4 20.Bf1 Bg5 21.b4 Qf6 22.Nb3 Rce8
23.Bd3 h3 24.g3 Nxd3 25.Bxg5 Qxf3 26.Rc3 e4 27.c5 Re5 28.Bf4 Rxd5 29.Rf1 Qg2+
30.Qxg2 hxg2 31.Kxg2 dxc5 32.Nxc5 N7xc5 33.bxc5 Nxf4+ 34.Rxf4 Rd2+ 35.Kg1 Rhxh2
36.Rxe4 Rdg2+ 37.Kf1 Ra2 38.Kg1 Rhd2 39.Rc1 Rg2+ 40.Kh1 Rh2+  0-1